Statistics for Fruit by picture #1

Click here to take the quiz!

General Stats

  • This quiz has been taken 25 times
  • The average score is 9 of 16

Answer Stats

Answer% Correct
Banana
100%
Kiwi
100%
Watermelon
100%
Lemon
95%
Blueberry
86%
Raspberry
86%
Mango
82%
Dragonfruit
59%
Cantaloupe
50%
Honeydew
45%
Durian
36%
Passionfruit
27%
Guava
23%
Jackfruit
18%
Rambutan
9%
Manderin
5%

Score Distribution

Percentile by Number Answered

Percent of People with Each Score

Your Score History

You have not taken this quiz